000 00792nam a2200229Ii 4500
003 JO-AjNU
008 230605s9999||||xx |||||||||||||| ||und||
017 _a16701
020 _a978-977-324-30-3
040 _aJO-AjNU
_bara
_erda
_cJO-AjNU
041 _aara
050 1 4 _aHF1411.S576.2011
100 3 _aالسريتي،السيد محمد احمد,
_eauthor
_934216
245 0 0 _aاقتصاديات التجارة الدولية بين النظرية والتطبيق
250 _aط1
264 3 1 _aالاسكندرية:مؤسسة رؤية للطباعة والنشر والتوزيع؛2011
300 _a384ص
336 _atext
_btxt
_2rdacontent
337 _aunmediated
_bn
_2rdamedia
338 _avolume
_bnc
_2rdacarrier
650 4 _a التجارة الخارجية
_934217
999 _aA14003
_c17571
_d17571